Indice General ... que contiene todas las obras de D. Fr. Benito Jerónimo Feijoo

Detalles Bibliográficos
Autor principal: SANTOS, José
Formato: Libro
Publicado: Madrid 1774
Materias:
Colección:Banco de datos
Acervo:Biblioteca del Museo Regional de Querétaro. INAH. Querétaro
Tema general:Literatura
Notas:Regular. 1C6, 29. Ex libris manuscrito
LEADER 00747nam a22001930004500
035 |a 27716 
036 |a 1425 
100 1 |a SANTOS, José 
245 1 0 |a Indice General ... que contiene todas las obras de D. Fr. Benito Jerónimo Feijoo 
260 |a Madrid  |b ed. Real Compañía de Impresores y Libreros, imp. Antonio de Sancha  |c 1774 
500 |a Regular. 1C6, 29. Ex libris manuscrito 
650 1 0 |a Literatura 
949 |a C.R.Q. 
959 |a Ex convento Grande de San Francisco de la ciudad de Querétaro, Museo Regional de Querétaro  |b CCC2 
960 |a Colección General, Querétaro  |b DD80 
961 |a Varias Ordenes Religiosas  |b VO 
942 |c C.R.Q. 
943 |g Biblioteca del Museo Regional de Querétaro. INAH. Querétaro 
999 |c 984032  |d 984032